000 01575cam a22003011i 4500
003 SA-RiAUC
005 20251002054517.0
008 251001s2007 ku g f000 0 ara c
040 _aSA-JeALM
_bara
_cSA-RiAUC
_erda
082 0 4 _a237.3
090 _a237.3
_bع ب د ق
100 1 _aعبد القادر بدران، عبد القادر بن أحمد بن مصطفى،
_d1280-1346 هجري
_eمؤلف.
245 1 0 _aشرح كتاب الشهاب في الحكم والمواعظ والآداب للإمام القضاعي /
_cتأليف عبد القادر بن بدران الدومي الحنبلي ؛ اعتنى به تحقيقا وضبطا وتخريجا نور الدين طالب.
250 _aالطبعة الأولى.
264 1 _aالكويت :
_bوزارة الأوقاف والشؤون الإسلامية، قطاع المساجد، مكتب الشؤون الفنية،
_c2007
300 _a698 صفحة ؛
_c24 سم
336 _aنص
_btxt
_2rdacontent
_3كتاب
337 _aبدون وسيط
_bn
_2rdamedia
338 _aمجلد
_bnc
_2rdacarrier
520 0 _aيتضمن شرح قرابة ألف حديث نبوي مع تخريجها وبيان الحكم عليها.
650 7 _aالحديث
_xشرح
_2aucsh
650 7 _aالحديث
_xمستخرجات
_2aucsh
700 1 _aطالب، نور الدين
_eمحقق.
700 1 2 _aالقضاعي، محمد بن سلامة بن جعفر،
_dتوفي 454 هجري
740 2 2 _aالشهاب في الحكم والآداب.
942 _2ddc
_cBOOK
_n0
949 _aSA-JeALM
_d251001
_uosman123
_n1
999 _c12300
_d12300